000 00332nam a2200133Ia 4500
005 20260328104332.0
008 260328s9999||||xx |||||||||||||| ||und||
100 _aLópez, Yolanda
245 0 _aManuel Imprescindible, Revit Architecture /
_cYolanda López
260 _bAnaya
300 _a430 p.
650 _aREVIT
942 _cBK
999 _c11759
_d11759